Dude, where's my country? /
Salvato in:
| Autore principale: | |
|---|---|
| Natura: | Libro |
| Lingua: | inglese |
| Pubblicazione: |
New York :
Warner book,
[2003]
|
| Tags: |
Nessun Tag, puoi essere il primo ad aggiungerne!!
|
MARC
| LEADER | 00000nam a22000007i 4500 | ||
|---|---|---|---|
| 001 | IT\ICCU\UM1\0079324 | ||
| 003 | ItRI | ||
| 005 | 20250816173247.0 | ||
| 008 | 051219s2003 xxu|||||| ||||| |||||c | ||
| 020 | |a 0446614335 | ||
| 040 | |b ita |c Arcigay Viterbo | ||
| 041 | 7 | |a eng |2 ISO-639-2 | |
| 100 | 1 | |a Moore, Michael, |d (1954- |c regista) |0 IT\ICCU\MODV\263834 |4 aut | |
| 245 | 1 | 0 | |a Dude, where's my country? / |c Michael Moore. |
| 260 | |a New York : |b Warner book, |c [2003] | ||
| 300 | |a 311 p. ; |c 18 cm | ||
| 942 | |2 ddc |c BK |n 0 | ||
| 952 | |0 0 |1 0 |2 ddc |4 0 |6 320_973000000000000_MOO_DUD |7 0 |9 9547 |a VT |b VT |d 2025-08-16 |e Donazione Alfonso Antoniozzi |i B245 |l 0 |o 320.973 MOO DUD |p B245 |r 2025-08-16 17:36:55 |w 2025-08-16 |y BK |z Donazione Alfonso Antoniozzi | ||
| 981 | 1 | |6 z01 |a i |b xxxe | |
| 982 | 1 | |6 z01 |a n | |
| 999 | |c 7961 |d 7961 | ||